000 01140nam a22002537a 4500
005 20240530110623.0
008 161228s2014 ua f b 000 0 ara d
017 _a2013/20665
_bمصر. دار الكتب
020 _a9789775285089
040 _aEG-CaGPL
_cEG-CaGPL
082 0 4 _221
_a658.31422\
_bط و
100 0 _aطارق عبدالرؤوف عامر
245 1 2 _aالولاء المؤسسى و الرضا الوظيفى و المهنى :
_bمفهومة - عواملة - نظرياتة : مقايس الرضا الوظيفى و المهنى فى العمل /
_cطارق عبدالرؤوف عامر ، ايهاب عيسى المصرى
250 _aط. 1
260 _aالقاهرة :
_bالمؤسسة العربية للعلوم و الثقافة ،
_c2014.
300 _a236 ص. ؛
_c24 سم.
504 _aيشتمل على ارجاعات ببليوجرافية
650 0 7 _2qrmak
_aتقييم الوظائف
650 0 7 _2qrmak
_aالموظفون
650 0 7 _2qrmak
_aالرضا الوظيفى
650 0 7 _2qrmak
_aعلم النفس الادارى
942 _2ddc
_cBK
999 _c63099
_d63099